000 00740nam a22002417a 4500
005 20170124110029.0
010 _aA-878270
020 _c195.00
_a8120311485
035 _aA-878270
037 _bCen Lib/Ret
040 _aDPL
_bEN
082 _a574.5
_bKOR
100 _aKormondy, Edwards J.
_921212
245 _aConcepts of ecology /
_cby Edwards J. Kormondy
250 _a4th ed
260 _aNew Delhi
_bPrentice Hall of India
_c1996
270 _aM-97, connaught circus
_bNew Delhi
_e110001
300 _axvi, 559p. ;
_c23cm(Hb)
_bill.
500 _aIncludes bibliographical references and index
650 _aEcology
_9155
650 _aEcology and ecosystems
_921213
942 _2ddc
_cEN
_h574.5
_mKOR
999 _c127681
_d127681